| 000 | 00517nam a22001817a 4500 | ||
|---|---|---|---|
| 003 | OSt | ||
| 005 | 20140310182435.0 | ||
| 008 | 130220t xxu||||| |||| 00| 0 eng d | ||
| 020 | _a9788183567398 | ||
| 050 |
_aRS 189 _b.G231 2011 |
||
| 100 |
_aGarg, G.P. _98420 |
||
| 245 |
_aPharmaceutical validation / _cG.P. Garg, M. Prakash |
||
| 260 |
_aNew Delhi : _bDiscovery Publishing House, _cc2011. |
||
| 300 |
_a328 p. : _c25 cm. _bill. ; |
||
| 650 |
_aPharmaceuticals _98973 |
||
| 942 |
_2lcc _cSSLC |
||
| 999 |
_c13426 _d13426 |
||